Preparation and physical properties of polyurethane elastomers containing mesogenic moieties (Record no. 65552)

MARC details
000 -LEADER
fixed length control field 00477nam a2200145Ia 4500
100 ## - MAIN ENTRY--AUTHOR NAME
Personal name Onouchi Y
245 #0 - TITLE STATEMENT
Title Preparation and physical properties of polyurethane elastomers containing mesogenic moieties
260 ## - PUBLICATION, DISTRIBUTION, ETC. (IMPRINT)
Name of publisher Proceedings of the International Rubber Conference, Kobe, Japan, 1995; p295-298
650 ## - SUBJECT ADDED ENTRY--TOPICAL TERM
Topical Term Polyurethane elastomers
700 ## - ADDED ENTRY--PERSONAL NAME
Personal name Furukawa J
700 ## - ADDED ENTRY--PERSONAL NAME
Personal name Inagaki S
700 ## - ADDED ENTRY--PERSONAL NAME
Personal name Okamoto H
942 ## - ADDED ENTRY ELEMENTS (KOHA)
Koha item type Journals
Holdings
Withdrawn status Lost status Damaged status Not for loan Home library Current library Shelving location Date acquired Koha item type
      Journals RRII Library RRII Library Rubber chemistry 17/12/2021 Journals